A guide to business law / (Record no. 57009)
[ view plain ]
| 000 -LEADER | |
|---|---|
| fixed length control field | 00918pam a2200265 a 4500 |
| 001 - CONTROL NUMBER | |
| control field | vtls003040871 |
| 003 - CONTROL NUMBER IDENTIFIER | |
| control field | MY-SjTCS |
| 005 - DATE AND TIME OF LATEST TRANSACTION | |
| control field | 20200226105735.0 |
| 008 - FIXED-LENGTH DATA ELEMENTS--GENERAL INFORMATION | |
| fixed length control field | 110218s2006 xna 001 0 eng |
| 020 ## - INTERNATIONAL STANDARD BOOK NUMBER | |
| International Standard Book Number | 0455223513 (pbk.) |
| 039 #9 - LEVEL OF BIBLIOGRAPHIC CONTROL AND CODING DETAIL [OBSOLETE] | |
| Level of rules in bibliographic description | 201102181349 |
| Level of effort used to assign nonsubject heading access points | VLOAD |
| Level of effort used to assign subject headings | 200612140847 |
| Level of effort used to assign classification | mas |
| Level of effort used to assign subject headings | 200612081931 |
| Level of effort used to assign classification | chon ling |
| -- | 200612081920 |
| -- | chon ling |
| 082 04 - DEWEY DECIMAL CLASSIFICATION NUMBER | |
| Classification number | 346.9407 |
| Item number | DOW |
| 100 1# - MAIN ENTRY--PERSONAL NAME | |
| Personal name | Dowler, Warwick. |
| 9 (RLIN) | 13389 |
| 245 12 - TITLE STATEMENT | |
| Title | A guide to business law / |
| Statement of responsibility, etc. | Warwick Dowler, Christine Miles. |
| 250 ## - EDITION STATEMENT | |
| Edition statement | 17th ed. |
| 260 ## - PUBLICATION, DISTRIBUTION, ETC. | |
| Place of publication, distribution, etc. | Pyrmont, N.S.W. : |
| Name of publisher, distributor, etc. | Lawbook Co., |
| Date of publication, distribution, etc. | 2006. |
| 300 ## - PHYSICAL DESCRIPTION | |
| Extent | xxvii, 738 p. ; |
| Dimensions | 26 cm. |
| 500 ## - GENERAL NOTE | |
| General note | Includes index. |
| 500 ## - GENERAL NOTE | |
| General note | Previous ed.: c2005. |
| 590 ## - LOCAL NOTE (RLIN) | |
| Local note | Australian Degree Programme : 79203T |
| 650 #0 - SUBJECT ADDED ENTRY--TOPICAL TERM | |
| Topical term or geographic name entry element | Business law |
| Geographic subdivision | Australia. |
| 9 (RLIN) | 8972 |
| 650 #0 - SUBJECT ADDED ENTRY--TOPICAL TERM | |
| Topical term or geographic name entry element | Commercial law |
| Geographic subdivision | Australia. |
| 9 (RLIN) | 8969 |
| 700 1# - ADDED ENTRY--PERSONAL NAME | |
| Personal name | Miles, Christine, |
| Dates associated with a name | 1952- |
| 9 (RLIN) | 15472 |
| 920 ## - Programme | |
| Programme | AUDP (UTS) : 57828, 57887, 57888, 57889, 57924 |
| Withdrawn status | Lost status | Source of classification or shelving scheme | Damaged status | Not for loan | Home library | Current library | Date acquired | Total Checkouts | Barcode | Date last seen | Date last checked out | Copy number | Koha item type | Public note | Uniform Resource Identifier |
|---|---|---|---|---|---|---|---|---|---|---|---|---|---|---|---|
| Withdrawn | Dewey Decimal Classification | Taylor's Library-TU | TU External Storage-Block E | 08/12/2006 | 7 | 1000513980 | 05/12/2019 | 14/06/2011 | 1 | Main Collection | UNISA,19003,03,GR | ||||
| Withdrawn | Dewey Decimal Classification | Taylor's Library-TU | TU External Storage-Block E | 08/12/2006 | 9 | 1000513981 | 05/12/2019 | 27/04/2010 | 1 | Main Collection | UNISA,19001,03,GR | ||||
| Withdrawn | Dewey Decimal Classification | Taylor's Library-TU | TU External Storage-Block E | 08/12/2006 | 23 | 1000513978 | 05/12/2019 | 26/04/2010 | 1 | Main Collection | UNISA,19001,03,GR | ||||
| Withdrawn | Dewey Decimal Classification | Taylor's Library-TU | TU External Storage-Block E | 08/12/2006 | 19 | 1000513982 | 05/12/2019 | 18/11/2010 | 1 | Main Collection | UNISA,19003,03,GR | ||||
| Dewey Decimal Classification | Taylor's Library-TU | Taylor's Library-TU | 08/12/2006 | 11 | 5000146065 | 05/12/2019 | 09/09/2013 | 1 | Main Collection | UNISA,19001,03,GR | Floor 3, Shelf 9 , Side 2, TierNo 5, BayNo 2 |